| 000 | 00706nam a2200241Ia 4500 | ||
|---|---|---|---|
| 003 | OSt | ||
| 005 | 20220918112037.0 | ||
| 006 | a|||||r|||| 00| 0 | ||
| 007 | ta | ||
| 008 | 220915b |||||||| |||| 00| 0 hin d | ||
| 024 | _a215493 | ||
| 037 | _cTextbook | ||
| 040 |
_bhin _aARTS _cARTS |
||
| 041 | _ahin | ||
| 082 | _aO152:g, J6 | ||
| 100 | _aरघुनाथ प्रसाद | ||
| 245 | 0 | _aसमालोचना शास्त्र | |
| 246 | _aLekhanī uṭhāne ke pūrva yā lekhak -bandhu | ||
| 260 | _c1956 | ||
| 650 | _aहिन्दी साहित्य | ||
| 942 |
_hO152:g, J6 _cTB _2CC |
||
| 999 |
_c118066 _d118066 |
||